00370pab a2200133 454500008004000000100002800040245005800068260000900126300001500135362000800150650001300158700002000171773004500191180718b2014 xxu||||| |||| 00| 0 eng d aMaystadt, Jean-Francois aWinners and losers among a refugee-hosting population c2014 ap.769-809. aJul aRefugees aVerwimp, Philip aEconomic Development and Cultural Change